載入...

Routledge concise history of world literature

書目詳細資料
主要作者: D'haen, Theo
格式: Printed Book
語言:English
出版: London Routledge 2012
主題:
LEADER 00584 a2200181 4500
005 20151026133257.0
008 141028b xxu||||| |||| 00| 0 eng d
020 |a 9780415495899 
080 |a 82  |b DHA 
100 |a D'haen, Theo 
245 |a Routledge concise history of world literature 
260 |c 2012  |b Routledge  |a London 
300 |a x, 201p. 
653 |a Literature - History & criticism 
653 |a Comparative literature 
942 |c BK  |6 _ 
999 |c 67005  |d 67005 
952 |0 0  |1 0  |2 udc  |4 0  |6 820_DHA  |7 0  |9 79273  |a UL  |b UL  |d 2014-02-20  |g 0.00  |o 820 DHA  |p 00071721  |r 2014-03-14  |v 0.00  |w 2014-02-20  |y BK